000 00435nam a2200181Ia 4500
001 2157
005 20260306143821.0
008 260306t2012||||xx |||||||||||||| ||spa||
041 _aESP
082 _a615.8515
_bM86
100 _aMoruno Miralles, Pedro
_eAUT
245 0 _aTerapia ocupacional en salud mental
260 _c2012
300 _a509 páginas :
_c24 cm.
650 _aGEN
654 _aCPS
942 _cLIB
_dJUS
_fJUS
_2ddc
_n
999 _c2157
_d2157